| 000 | 00935nam a22002777a 4500 | ||
|---|---|---|---|
| 001 | BR8901941 | ||
| 003 | BR-BrBNA | ||
| 005 | 20230928093205.0 | ||
| 007 | ta | ||
| 008 | 230509b bl.||||| |||| 00| 0 por d | ||
| 040 |
_aBR-BrBNA _bpor _cBiblioteca Nacional de Agricultura |
||
| 041 | _a(Por) | ||
| 072 |
_aH10 _b3240 _b4020 _b3530 |
||
| 090 | _ 3240 BR8901941 | ||
| 100 | 1 | _aTeixeira, C.A.D. | |
| 110 | 1 |
_aUniversidade Federal de Vicosa, MG (Brasil) _0Tese (Magister Scientiae) |
|
| 245 | 1 | _aBiologia de Nomophila noctuella (Lepidoptera: Pyralidae)em mudas de Eucalyptus grandis (Myrtaceae) | |
| 260 | 3 |
_aVicosa, MG (Brasil): _c1988. |
|
| 300 | _a88 p. | ||
| 500 | _a19 illus.; 18 tables; 49 ref.; Summaries (Eng, Por). (*) Documento disponível na(o) Universidade Federal de Vicosa, MG (Brazil) | ||
| 650 | _aEUCALIPTO | ||
| 650 | _aLEPIDOPTERO | ||
| 650 | _aMUDA | ||
| 909 |
_a202309 _bLucia _c55 _dLucia Elande |
||
| 942 | _cBK | ||
| 999 |
_c43519 _d43519 |
||